|
|
|
|
| LEADER |
00000nac a2200000 a 4500 |
| 003 |
Ucuenca |
| 005 |
20230308190042.0 |
| 008 |
014033|2010 ec |||||r|||||||||||spa|| |
| 040 |
|
|
|b spa
|
| 041 |
0 |
|
|a spa
|
| 082 |
0 |
|
|a 531.32
|
| 100 |
1 |
|
|a Avecillas Jara, Alberto Santiago.
|9 63758
|
| 245 |
|
|
|a Laboratorio M. E.: texto de apoyo para guía del aprendizaje
|c Alberto Santiago Avecillas Jara
|h imp
|n tomo 1
|
| 264 |
|
|
|a Cuenca
|b Universidad de Cuenca. Facultad de Filosofía
|c 2010
|
| 300 |
|
|
|a 252 páginas:
|b ilu
|c 30 cm
|
| 490 |
|
|
|a Obras científico-didácticas
|
| 504 |
|
|
|a incl. ref.
|
| 520 |
3 |
|
|a Esta obra está dirigida a los docentes, sobre todo jóvenes, y a los futuros docentes de la Física teórica y experimental de los niveles medio y superior que requieren del auxilio didáctico y metodológico de la experimentación para la demostración, comprobación...
|
| 650 |
|
0 |
|a Física
|9 4976
|
| 650 |
|
0 |
|a Laboratorio de investigación
|9 34087
|
| 650 |
|
0 |
|9 2070
|a Laboratorio
|
| 852 |
|
|
|a UC-CDJBV
|f Donación
|l 1
|m General
|p 20140330
|q 10,00
|r 2
|t si10058
|b 0
|d CDRC
|e CDRC
|g 531.2 SEGUNDO PISO
|z 2014-40-33
|
| 942 |
|
|
|c CR
|2 ddc
|z jenny.perez@ucuenca.edu.ec
|
| 999 |
|
|
|c 71511
|d 71511
|